| 000 | 01033pam a2200277 a 4500 | ||
|---|---|---|---|
| 999 |
_c7223 _d7223 |
||
| 001 | 1109048 | ||
| 003 | GZU | ||
| 005 | 20210505160600.0 | ||
| 008 | 931124s1994 enka b 001 0 eng | ||
| 010 | _a 93047175 | ||
| 020 |
_a0077078659 : _c£14.95 |
||
| 040 |
_aDLC _cDLC _dDLC |
||
| 050 | 0 | 0 |
_aHD30.27 _b.P43 1994 |
| 082 | 0 | 0 |
_a658.4/0355 _220 |
| 100 | 1 |
_aPecar, Branko, _d1953- |
|
| 245 | 1 | 0 |
_aBusiness forecasting for management / _cBranko Pecar ; advisory editors, Glyn Davis and Simon Lillystone. |
| 260 |
_aLondon ; _aNew York : _bMcGraw-Hill, _cc1994. |
||
| 300 |
_aiii, 235 p. : _bill. ; _c23 cm. |
||
| 504 | _aIncludes bibliographical references (p. 223-224) and index. | ||
| 650 | 0 |
_aBusiness forecasting _xStatistical methods. |
|
| 700 | 1 | _aDavis, Glyn. | |
| 700 | 1 | _aLillystone, Simon. | |
| 906 |
_a7 _bcbc _corignew _d1 _eocip _f19 _gy-gencatlg |
||
| 942 |
_2lcc _cBK _h30.27 _iPEC _kHD _m1993 |
||